The economic social and cultural rights of migrants in an irregular situation (Record no. 40914)

MARC details
000 -LEADER
fixed length control field 00831nam a2200181 a 4500
008 - FIXED-LENGTH DATA ELEMENTS--GENERAL INFORMATION
fixed length control field 150727s2014 ||||||||||||||||| || u
020 ## - INTERNATIONAL STANDARD BOOK NUMBER
International Standard Book Number 978-92-1-154205-9
050 ## - LIBRARY OF CONGRESS CALL NUMBER
Classification number UNHCHR(02)2014/5
110 ## - MAIN ENTRY--CORPORATE NAME
Corporate name or jurisdiction name as entry element United Nations High Commissioner for Human Rights (UNHCHR)
245 14 - TITLE STATEMENT
Title The economic social and cultural rights of migrants in an irregular situation
Statement of responsibility, etc. by United Nations High Commissioner for Human Rights [UNHCHR]
260 ## - PUBLICATION, DISTRIBUTION, ETC.
Place of publication, distribution, etc. New York:
Name of publisher, distributor, etc. United Nations High Commissioner For Human Rights (UNHCHR)
Date of publication, distribution, etc. 2014
300 ## - PHYSICAL DESCRIPTION
Extent iv,136p.: ill.
650 ## - SUBJECT ADDED ENTRY--TOPICAL TERM
Topical term or geographic name entry element ILLEGAL ALIENS
650 #0 - SUBJECT ADDED ENTRY--TOPICAL TERM
Topical term or geographic name entry element HUMAN RIGHTS
650 ## - SUBJECT ADDED ENTRY--TOPICAL TERM
Topical term or geographic name entry element FOREIGN RELATIONS
650 ## - SUBJECT ADDED ENTRY--TOPICAL TERM
Topical term or geographic name entry element FOREIGN WORKERS--LEGAL STATUS, LAWS, ETC
995 ## - RECOMMENDATION 995 [LOCAL, UNIMARC FRANCE]
-- CBU-MAIN LIBRARY (Kitwe)
-- 1`
-- AVAILABLE
-- Jul 31, 2015
-- International Publications
Holdings
Withdrawn status Lost status Source of classification or shelving scheme Damaged status Not for loan Home library Current library Shelving location Date acquired Total Checkouts Full call number Barcode Date last seen Price effective from Koha item type
          CBU-MAIN LIBRARY, KITWE. CBU-MAIN LIBRARY, KITWE.   11/30/2022   UNHCHR(02)2014/5 B1850 11/30/2022 11/30/2022 MONOGRAPH